Recompensa (Registo nº 201740)
[ vista simples ]
| 000 -Etiqueta do registo | |
|---|---|
| Valores | 00517nam 22001693 4500 |
| 100 ## - Dados gerais de processamento | |
| Dados gerais | 20260413d u||y0pory50 ba |
| 200 ## - Titulo e menção de responsabilidade | |
| Título próprio | Recompensa |
| Informação de outro título | peça em 3 actos |
| Primeira menção de responsabilidade | Ramada Curto |
| 210 ## - Publicação | |
| Local de publicação | Lisboa |
| Nome do editor | Empresa Nacional de Publicidade |
| Data de publicação | [19--?] |
| 215 ## - Descrição física | |
| Paginação / Volumes | 179 p. |
| Outras indicações físicas | brochado |
| Dimensões | 17 cm |
| 606 ## - Nome comum usado como assunto | |
| ID Autoridade | 23 |
| Palavra de ordem | Literatura Portuguesa |
| Subdivisão assunto | Poesia |
| 675 ## - CDU | |
| Notação | 821.134.3-2 |
| Edição | PT |
| Língua | por |
| 700 ## - Autor principal (pessoa individual) | |
| ID Autoridade | 17101 |
| Apelido | Curto |
| Nome | Ramada |
| Datas | 1886-1961 |
| 801 ## - Fonte de origem | |
| País | PT |
| Agência | BMMN |
| Regras de catalogação | RPC |
| 830 ## - Notas gerais do catalogador | |
| Criado por | Ana Falardo |
| Indexado por | Ana Falardo |
| 990 ## - Elementos KOHA | |
| Tipo de documento | Livro |
| Situação do levantamento | Biblioteca de origem | Código de barras | Cota | Permissão de empréstimo | Tipo de documento | Nota relativa ao exemplar | Forma de aquisição |
|---|---|---|---|---|---|---|---|
| Biblioteca Municipal de Montemor-o-Novo | 31107 | 821.134.3-2 CUR|SAF | Livro | Acesso Condicionado | Oferta |